<?xml version="1.0" encoding="UTF-8"?>
<collection xmlns:xsi="http://www.w3.org/2001/XMLSchema-instance" xsi:schemaLocation="http://www.loc.gov/MARC21/slim http://www.loc.gov/standards/marcxml/schema/MARC21slim.xsd" xmlns="http://www.loc.gov/MARC21/slim">
 <record>
  <leader>00000caa a22000003a 4500</leader>
  <controlfield tag="001">UP-8027390931312424500</controlfield>
  <controlfield tag="003">Buklod</controlfield>
  <controlfield tag="005">20140905133742.0</controlfield>
  <controlfield tag="006">o--- |     ||   ||</controlfield>
  <controlfield tag="007">ta</controlfield>
  <controlfield tag="008">140905s        xx     d     r    |||| u|</controlfield>
  <datafield tag="035" ind1=" " ind2=" ">
   <subfield code="a">(iLib)UPCEB-00008419449</subfield>
  </datafield>
  <datafield tag="040" ind1=" " ind2=" ">
   <subfield code="a">emz</subfield>
  </datafield>
  <datafield tag="041" ind1=" " ind2=" ">
   <subfield code="a">eng</subfield>
  </datafield>
  <datafield tag="100" ind1="1" ind2=" ">
   <subfield code="a">Neel Rebecca</subfield>
  </datafield>
  <datafield tag="245" ind1="0" ind2="4">
   <subfield code="a">Is racial bias malleable?  Whites' Lay theories of racial bias predict divergent strategies for interracial interactions.  [article].</subfield>
  </datafield>
  <datafield tag="300" ind1=" " ind2=" ">
   <subfield code="a">pp. 101-120</subfield>
  </datafield>
  <datafield tag="520" ind1=" " ind2=" ">
   <subfield code="a">How do Whites approach interracial interactions?  We argue that a previously unexamined factor-beliefs about the malleability of racial bias-guides Whites' strategies for difficult interracial interactions.  We predicted and found that those who believe racial bias is malleable favor learning-oriented strategies such as taking the other person's perspective and trying to learn why an interaction is challenging, whereas those who believe racial bias is fixed favor performance-oriented strategies such as overcompensating in the interaction as quickly as possible.  Four studies support these predictions.  Whether measured(Studies 1, 3, and 4) or manipulated(Study 2), beliefs that racial bias is fixed versus malleable yielded these divergent strategies for difficult interracial interactions.  Furthermore, beliefs about the malleability of racial bias are distinct from related constructs (e.g., prejudice and motivations to respond without prejudice; Studies 1, 3, and 4) and influence self-reported (Studies 1-3) and and influence self-reported (Studies 1-3) and actual (Study 4) strategies in imagined (Studies 1-2) and real (Studies 3-4) interracial interactions.  Together, these findings demonstrate that beliefs about the malleability of a racial bias influence Whites' approaches to and strategies within interracial interactions. - (from the authors)</subfield>
  </datafield>
  <datafield tag="600" ind1="0" ind2="0">
   <subfield code="a">Shapiro, Jenessa R.</subfield>
  </datafield>
  <datafield tag="650" ind1="1" ind2="7">
   <subfield code="a">Interracial interaction.</subfield>
  </datafield>
  <datafield tag="650" ind1="1" ind2="7">
   <subfield code="a">Bias.</subfield>
  </datafield>
  <datafield tag="650" ind1="1" ind2="7">
   <subfield code="a">Prejudice.</subfield>
  </datafield>
  <datafield tag="650" ind1="1" ind2="7">
   <subfield code="a">Theories of racial bias.</subfield>
  </datafield>
  <datafield tag="650" ind1="1" ind2="7">
   <subfield code="a">Beliefs about change.</subfield>
  </datafield>
  <datafield tag="773" ind1="0" ind2=" ">
   <subfield code="a">Journal of personality and social psychology</subfield>
   <subfield code="g">vol.103, 2012.</subfield>
  </datafield>
  <datafield tag="942" ind1=" " ind2=" ">
   <subfield code="a">Analytics</subfield>
  </datafield>
 </record>
</collection>
